| 000 | 00809nam a22002057a 4500 | ||
|---|---|---|---|
| 005 | 20240530110551.0 | ||
| 008 | 160719s2014 ua a f b 000 0 ara d | ||
| 017 |
_a2014/24090 _bمصر . دار الكتب المصرية |
||
| 020 | _a9789777220484 | ||
| 040 | _aEG-CaGPL | ||
| 082 | 0 | 4 |
_221 _a353.46\ _bم ف |
| 100 | 0 | _aمحمد صادق اسماعيل | |
| 245 | 1 | 2 |
_aالفساد الادارى فى العالم العربى مفهومه وابعاده المختلفة / _cمحمد صادق اسماعيل |
| 250 | _aط. 1 | ||
| 260 |
_aالقاهرة : _bالمجموعة العربية للتدريب و النشر ، _c2014 . |
||
| 300 |
_a165 ص. ؛ _c24 سم . |
||
| 504 | _aيشتمل على ارجاعات ببليوجرافية | ||
| 650 | 0 | 4 | _aالفساد الادارى |
| 942 |
_2ddc _cBK |
||
| 999 |
_c62462 _d62462 |
||